[Event "WLS-ch 67th"]
[Site "Cardiff"]
[Date "2023.04.10"]
[Round "6"]
[White "Musson, Adam"]
[Black "Pleasants, Allan J"]
[Result "1-0"]
[WhiteElo "2002"]
[BlackElo "1975"]
[PlyCount "71"]
[EventDate "2023.04.07"]
[EventType "swiss"]
[EventRounds "7"]
[EventCountry "WLS"]
[SourceTitle "CBM 213 Extra"]
[Source "ChessBase"]
[SourceDate "2023.05.31"]
[SourceVersion "1"]
[SourceVersionDate "2023.05.31"]
[SourceQuality "1"]

1. e4 g6 2. d4 Bg7 3. Nc3 d6 4. Be3 a6 5. g4 b5 6. Bg2 Bb7 7. h4 h6 8. Nge2 Nd7 9. Ng3 c6 10. Qd2 Nb6 11. b3 Qc7 12. 0-0 Nf6 13. f3 Nfd7 14. Rad1 c5 15. dxc5 dxc5 16. Nge2 h5 17. g5 Rd8 18. f4 0-0 19. Qe1 b4 20. Nb1 a5 21. Qf2 c4 22. Nd2 c3 23. Nf3 Bxe4 24. Ng3 Ba8 25. Nd4 e6 26. Ne4 Nd5 27. Nb5 Qb8 28. a4 Nxe3 29. Qxe3 Nb6 30. Nf6+ Kh8 31. Bxa8 Bxf6 32. gxf6 Nxa8 33. f5 Kh7 34. fxg6+ fxg6 35. Rxd8 Qxd8 36. Qa7+ 1-0

[Event "WLS-ch 67th"]
[Site "Cardiff"]
[Date "2023.04.09"]
[Round "5"]
[White "Kozusek, Daniel"]
[Black "Musson, Adam"]
[Result "1-0"]
[WhiteElo "2331"]
[BlackElo "2002"]
[PlyCount "55"]
[EventDate "2023.04.07"]
[EventType "swiss"]
[EventRounds "7"]
[EventCountry "WLS"]
[SourceTitle "CBM 213 Extra"]
[Source "ChessBase"]
[SourceDate "2023.05.31"]
[SourceVersion "1"]
[SourceVersionDate "2023.05.31"]
[SourceQuality "1"]

1. d4 Nf6 2. c4 e6 3. Nf3 d5 4. g3 dxc4 5. Bg2 c5 6. Qa4+ Nc6 7. 0-0 Bd7 8. Qxc4 b5 9. Qc3 b4 10. Qd3 Rc8 11. Rd1 cxd4 12. Nxd4 Nxd4 13. Qxd4 Bc5 14. Qh4 Qb6 15. Bh6 Bxf2+ 16. Kh1 Nd5 17. Bxg7 Ne3 18. Nd2 Bc6 19. Ne4 Bxe4 20. Bxe4 Rg8 21. Bd4 Qa6 22. Bc5 Nf5 23. Qxh7 Bxc5 24. Qxg8+ Ke7 25. Qg5+ f6 26. Qh5 Rg8 27. Bxf5 Qc6+ 28. e4 1-0

[Event "WLS-ch 67th"]
[Site "Cardiff"]
[Date "2023.04.08"]
[Round "4"]
[White "Musson, Adam"]
[Black "Everett, Elijah David"]
[Result "1/2-1/2"]
[WhiteElo "2002"]
[BlackElo "2202"]
[PlyCount "51"]
[EventDate "2023.04.07"]
[EventType "swiss"]
[EventRounds "7"]
[EventCountry "WLS"]
[SourceTitle "CBM 213 Extra"]
[Source "ChessBase"]
[SourceDate "2023.05.31"]
[SourceVersion "1"]
[SourceVersionDate "2023.05.31"]
[SourceQuality "1"]

1. e4 c5 2. c3 Nf6 3. e5 Nd5 4. Nf3 d6 5. exd6 Bf5 6. dxe7 Qxe7+ 7. Qe2 h5 8. Qxe7+ Bxe7 9. d4 Nc6 10. Bc4 Rd8 11. Be3 cxd4 12. Bxd4 Ndb4 13. Na3 Nd3+ 14. Bxd3 Bxd3 15. Kd2 Be4 16. Nc2 Rh6 17. Rae1 f5 18. Re3 g5 19. Nfe1 Kf7 20. f3 Bxc2 21. Nxc2 Bc5 22. Rhe1 Rd7 23. Kc1 Bxd4 24. Nxd4 Nxd4 25. cxd4 Rhd6 26. Rd1 1/2-1/2

[Event "WLS-ch 67th"]
[Site "Cardiff"]
[Date "2023.04.07"]
[Round "1"]
[White "Fowler, Hugo"]
[Black "Musson, Adam"]
[Result "0-1"]
[WhiteElo "1890"]
[BlackElo "2002"]
[PlyCount "82"]
[EventDate "2023.04.07"]
[EventType "swiss"]
[EventRounds "7"]
[EventCountry "WLS"]
[SourceTitle "CBM 213 Extra"]
[Source "ChessBase"]
[SourceDate "2023.05.31"]
[SourceVersion "1"]
[SourceVersionDate "2023.05.31"]
[SourceQuality "1"]

1. e4 e6 2. d4 d5 3. Nc3 Nf6 4. Bg5 h6 5. Bxf6 Qxf6 6. exd5 Bb4 7. dxe6 Bxe6 8. Nf3 0-0 9. Bd3 Nc6 10. 0-0 Bxc3 11. bxc3 Bg4 12. h3 Bh5 13. g4 Bg6 14. Bxg6 fxg6 15. Kg2 Rf7 16. Qd3 Raf8 17. Nd2 Ne7 18. c4 h5 19. Ne4 Qf4 20. f3 g5 21. Ng3 h4 22. Ne4 Ng6 23. Rae1 Rd7 24. c3 Qf7 25. Qe3 Nf4+ 26. Kh2 Qxc4 27. Rf2 Nd3 28. Qe2 Qa6 29. Nxg5 Qd6+ 30. Kh1 Nxe1 31. Qxe1 Re7 32. Qb1 Qh6 33. Ne4 Qf4 34. Qb3+ Kh8 35. Nd2 Re1+ 36. Nf1 Qg3 37. Qc2 Qxh3+ 38. Kg1 Qg3+ 39. Kh1 Rxf3 40. Rxf3 Qxf3+ 41. Kg1 Rxf1+ 0-1

[Event "Swansea West Wales op"]
[Site "Swansea"]
[Date "2022.11.13"]
[Round "5"]
[White "Tapp, James"]
[Black "Musson, Adam"]
[Result "0-1"]
[WhiteElo "1956"]
[BlackElo "1996"]
[PlyCount "84"]
[EventDate "2022.11.11"]
[EventType "swiss"]
[EventRounds "5"]
[EventCountry "WLS"]
[SourceTitle "EXT 2024"]
[Source "ChessBase"]
[SourceDate "2023.10.10"]
[SourceVersion "1"]
[SourceVersionDate "2023.10.10"]
[SourceQuality "1"]

1. d4 Nf6 2. Bf4 g6 3. Nc3 d5 4. e3 Bg7 5. h4 a6 6. Be2 h5 7. Nf3 b5 8. Ne5 Bb7 9. a4 c6 10. 0-0 Nbd7 11. Nd3 0-0 12. Bf3 Re8 13. Bg3 Nh7 14. Ne2 e5 15. dxe5 Nxe5 16. Nxe5 Bxe5 17. Bxe5 Rxe5 18. Qd4 Re8 19. g3 Qf6 20. Nf4 Qxd4 21. exd4 Nf8 22. Rfe1 Rxe1+ 23. Rxe1 Bc8 24. Re8 bxa4 25. Nd3 Rb8 26. Nc5 Rxb2 27. Rxc8 a3 28. Nb3 Rxb3 29. cxb3 a2 30. Rxc6 a1Q+ 31. Kg2 Qxd4 32. Rxa6 Qc5 33. b4 Qxb4 34. Bxd5 Qb5 35. Rd6 Qc5 36. Rd8 Qc7 37. Ra8 Kg7 38. Ra6 Nd7 39. Ra2 Qc5 40. Be4 Qc4 41. Bb1 Ne5 42. f3 Qb3 0-1

[Event "Bridgend WCU"]
[Site "Bridgend"]
[Date "2022.03.06"]
[Round "1"]
[White "Musson, Adam"]
[Black "Bullen, Alex"]
[Result "0-1"]
[WhiteElo "2030"]
[BlackElo "2056"]
[PlyCount "88"]
[EventDate "2022.03.06"]
[EventType "tourn"]
[EventRounds "5"]
[EventCountry "WLS"]
[SourceTitle "EXT 2023"]
[Source "ChessBase"]
[SourceDate "2022.10.05"]
[SourceVersion "1"]
[SourceVersionDate "2022.10.05"]
[SourceQuality "1"]

1. e4 c6 2. d4 d5 3. exd5 cxd5 4. Bd3 Nc6 5. c3 Qc7 6. Ne2 Bg4 7. 0-0 e5 8. dxe5 Nxe5 9. Bb5+ Nc6 10. Qxd5 Nf6 11. Qd3 Bd6 12. Qe3+ Kf8 13. h3 Re8 14. Qd2 Ne4 15. Qd1 Bh5 16. Be3 Rd8 17. Qa4 Bg6 18. Na3 Nc5 19. Bxc5 Bxc5 20. Rad1 Rxd1 21. Rxd1 h5 22. Bxc6 bxc6 23. Nd4 Be4 24. Re1 Bd5 25. c4 Bxd4 26. cxd5 Qf4 27. Qc2 Rh6 28. Re4 Bxf2+ 29. Kf1 Qg3 30. Qe2 Kg8 31. Re8+ Kh7 32. Qe4+ Rg6 33. dxc6 Bb6 34. Qf5 Qxg2+ 35. Ke1 Qg3+ 36. Kd1 Qd6+ 37. Ke1 Ba5+ 38. Qxa5 Rg1+ 39. Kf2 Qh2+ 40. Ke3 Rg3+ 41. Kd4 Qxb2+ 42. Kc4 Qxa2+ 43. Kb4 Qb3+ 44. Kc5 Rg5+ 0-1

[Event "West Wales op"]
[Site "Swansea"]
[Date "2019.10.13"]
[Round "5"]
[White "Thompson, Ian D"]
[Black "Musson, Adam"]
[Result "1-0"]
[WhiteElo "2120"]
[BlackElo "2017"]
[PlyCount "81"]
[EventDate "2019.10.11"]
[EventType "swiss"]
[EventRounds "5"]
[EventCountry "WLS"]
[SourceTitle "EXT 2022"]
[Source "ChessBase"]
[SourceDate "2021.10.06"]
[SourceVersion "1"]
[SourceVersionDate "2021.10.06"]
[SourceQuality "1"]

1. c4 e5 2. g3 Nf6 3. Bg2 Nc6 4. Nf3 Bc5 5. 0-0 d6 6. Nc3 0-0 7. d3 a5 8. b3 Bg4 9. h3 Bf5 10. Kh2 Qd7 11. Nh4 Be6 12. f4 exf4 13. gxf4 Bd4 14. Bd2 d5 15. e4 dxc4 16. dxc4 Rad8 17. Qe1 Nh5 18. Rd1 Bxc3 19. Bxc3 Qxd1 20. Qxd1 Rxd1 21. Rxd1 Nxf4 22. Bf1 f6 23. Nf3 Kf7 24. e5 f5 25. Kg3 Ng6 26. Ng5+ Ke7 27. Nxh7 f4+ 28. Kf2 Rh8 29. Ng5 Rh5 30. Nxe6 Kxe6 31. Be2 Rg5 32. Bg4+ Rxg4 33. hxg4 Ngxe5 34. g5 Kf5 35. Rd5 b6 36. g6 Ke4 37. Kf1 Ng4 38. Rd7 f3 39. Rxg7 Ne3+ 40. Kg1 Nd1 41. Be1 1-0

[Event "WLS-chT 1819"]
[Site "Wales"]
[Date "2018.12.02"]
[Round "2.13"]
[White "Musson, Adam"]
[Black "Davis, Lee"]
[Result "1-0"]
[WhiteElo "2005"]
[BlackElo "1940"]
[PlyCount "171"]
[EventDate "2018.11.04"]
[EventType "team-tourn"]
[EventRounds "5"]
[EventCountry "WLS"]
[SourceTitle "EXT 2020"]
[Source "ChessBase"]
[SourceDate "2019.10.17"]
[SourceVersion "1"]
[SourceVersionDate "2019.10.17"]
[SourceQuality "1"]
[WhiteTeam "Nidum"]
[BlackTeam "The Full Ponty"]
[WhiteTeamCountry "WLS"]
[BlackTeamCountry "WLS"]

1. Nf3 g6 2. c4 Bg7 3. Nc3 Nf6 4. d4 d6 5. e4 0-0 6. Be2 e5 7. d5 Nbd7 8. Bg5 h6 9. Be3 Ng4 10. Bd2 a5 11. h3 Ngf6 12. Be3 b6 13. g4 Nc5 14. Nd2 Nh7 15. Rg1 Bd7 16. Qc2 Qe7 17. 0-0-0 a4 18. Nf1 Rfd8 19. Ng3 Ng5 20. Rh1 c6 21. h4 Nh7 22. f3 Qe8 23. Qd2 Qf8 24. Rdf1 cxd5 25. Nxd5 Rab8 26. h5 g5 27. Nc3 Ne6 28. Nf5 Nd4 29. Nxd4 exd4 30. Bxd4 Be6 31. Kb1 Nf6 32. Nxa4 b5 33. cxb5 d5 34. e5 Nd7 35. f4 gxf4 36. Qxf4 Qb4 37. Bc3 Qxf4 38. Rxf4 Nxe5 39. Rb4 Nc4 40. Bxg7 Kxg7 41. Nc5 Nd2+ 42. Kc2 Ne4 43. Nxe6+ fxe6 44. Re1 Rbc8+ 45. Kd3 e5 46. Ke3 Ng5 47. Rf1 d4+ 48. Kd2 e4 49. Ra4 Rd7 50. Ra6 Rf7 51. Rg6+ Kh7 52. Rxf7+ Nxf7 53. Rc6 Rf8 54. Rc7 Kh8 55. b6 d3 56. Bd1 Nd6 57. Ke3 Rf1 58. b7 Nxb7 59. Rxb7 Rxd1 60. Kxe4 d2 61. Kd3 Ra1 62. Kxd2 Rxa2 63. Ke3 Kg8 64. Kf4 Kf8 65. Kf5 Ra5+ 66. Kf4 Ra2 67. b3 Rf2+ 68. Ke5 Re2+ 69. Kf5 Rf2+ 70. Ke5 Ra2 71. Kf4 Rf2+ 72. Kg3 Rf1 73. b4 Ke8 74. b5 Kd8 75. Rb6 Rb1 76. Kf4 Kc7 77. Rxh6 Rxb5 78. Re6 Kd7 79. Re2 Rb4+ 80. Re4 Rb8 81. h6 Rb1 82. g5 Rf1+ 83. Kg4 Rh1 84. Kf5 Kd6 85. Kg6 Kd5 86. Re2 1-0

[Event "BCF-chT2b 1819 (4NCL)"]
[Site "England"]
[Date "2018.11.11"]
[Round "2.63"]
[White "Munshi, Aditya"]
[Black "Musson, Adam"]
[Result "1-0"]
[WhiteElo "2117"]
[BlackElo "2022"]
[PlyCount "143"]
[EventDate "2018.11.10"]
[EventType "team-tourn"]
[EventRounds "11"]
[EventCountry "ENG"]
[SourceTitle "EXT 2021"]
[Source "ChessBase"]
[SourceDate "2020.10.23"]
[SourceVersion "1"]
[SourceVersionDate "2020.10.23"]
[SourceQuality "1"]
[WhiteTeam "Grantham Sharks II"]
[BlackTeam "West is Best II"]
[WhiteTeamCountry "ENG"]
[BlackTeamCountry "ENG"]

1. e4 c6 2. Nc3 d5 3. Nf3 dxe4 4. Nxe4 Nd7 5. Bc4 Ngf6 6. Qe2 Nxe4 7. Qxe4 Nf6 8. Ne5 e6 9. Qe2 Bd6 10. d4 Qc7 11. 0-0 0-0 12. Re1 b6 13. Bd3 Bb7 14. Bg5 Nd5 15. Qe4 f5 16. Qe2 Rae8 17. Bd2 c5 18. dxc5 bxc5 19. Bb5 Re7 20. Bg5 Nf6 21. Rad1 Be4 22. Nf3 Bf4 23. Bxf4 Qxf4 24. Qe3 Qc7 25. Ng5 Bxc2 26. Rc1 Be4 27. Qxc5 Qxc5 28. Rxc5 Bd5 29. Bc4 Bxc4 30. Rxc4 e5 31. Rc5 Rd8 32. g3 h6 33. Nf3 e4 34. Nh4 Rd2 35. Nxf5 Rb7 36. Rc8+ Kf7 37. b3 Ke6 38. Rc2 Rxc2 39. Nd4+ Ke5 40. Nxc2 Rd7 41. Ne3 g6 42. Rc1 h5 43. Rc5+ Ke6 44. h3 Nd5 45. Nxd5 Rxd5 46. Rc6+ Kf5 47. Ra6 Rd1+ 48. Kg2 Rd2 49. Kf1 Rd7 50. b4 g5 51. a4 Rb7 52. b5 Rc7 53. a5 Rc5 54. Rxa7 Rxb5 55. a6 Ra5 56. Ra8 Kg6 57. Ke2 Ra3 58. Kd2 Kg7 59. a7 h4 60. g4 Kh7 61. Kc2 Kg7 62. Kb2 Ra4 63. Kb3 Ra1 64. Kc4 Ra4+ 65. Kd5 Ra5+ 66. Ke6 Ra1 67. Kd6 Ra6+ 68. Ke7 Ra1 69. Ke8 Ra6 70. Rd8 Rxa7 71. Rd7+ Rxd7 72. Kxd7 1-0

[Event "WLS-chT 1819"]
[Site "Wales"]
[Date "2018.11.04"]
[Round "1.13"]
[White "Williams, Howard"]
[Black "Musson, Adam"]
[Result "1-0"]
[WhiteElo "2255"]
[BlackElo "2022"]
[PlyCount "53"]
[EventDate "2018.11.04"]
[EventType "team-tourn"]
[EventRounds "5"]
[EventCountry "WLS"]
[SourceTitle "EXT 2020"]
[Source "ChessBase"]
[SourceDate "2019.10.17"]
[SourceVersion "1"]
[SourceVersionDate "2019.10.17"]
[SourceQuality "1"]
[WhiteTeam "Cardigan"]
[BlackTeam "Nidum"]
[WhiteTeamCountry "WLS"]
[BlackTeamCountry "WLS"]

1. d4 d5 2. c4 e6 3. Nf3 Nf6 4. g3 Be7 5. Bg2 0-0 6. 0-0 c6 7. Nc3 Nbd7 8. b3 b6 9. Qc2 Bb7 10. Rd1 Rc8 11. e4 c5 12. exd5 exd5 13. Bb2 dxc4 14. d5 cxb3 15. axb3 Ne8 16. Rxa7 Nd6 17. Ne4 Ra8 18. Rxb7 Nxb7 19. d6 Bf6 20. Nxf6+ gxf6 21. Nh4 Ra7 22. Nf5 Ne5 23. Ne7+ Kg7 24. Bxe5 fxe5 25. Nc6 Qa8 26. Nxa7 Qxa7 27. Qe4 1-0

[Event "WLS-ch 64th"]
[Site "Cardiff"]
[Date "2018.04.02"]
[Round "6"]
[White "Musson, Adam"]
[Black "Ehsandar, Peter"]
[Result "1-0"]
[WhiteElo "2050"]
[BlackElo "1993"]
[PlyCount "77"]
[EventDate "2018.03.30"]
[EventType "swiss"]
[EventRounds "7"]
[EventCountry "WLS"]
[SourceTitle "CBM 183 Extra"]
[Source "ChessBase"]
[SourceDate "2018.04.19"]
[SourceVersion "1"]
[SourceVersionDate "2018.04.19"]
[SourceQuality "1"]

1. d4 Nf6 2. c4 e6 3. Nc3 Bb4 4. e3 0-0 5. Nge2 d5 6. a3 Be7 7. cxd5 exd5 8. Nf4 Re8 9. Bd3 c6 10. 0-0 Nbd7 11. Qc2 Nf8 12. b4 a6 13. Rb1 Bd6 14. f3 Qc7 15. g3 a5 16. e4 axb4 17. axb4 Bxf4 18. Bxf4 Qd7 19. e5 Nh5 20. Be3 g6 21. Na4 Qh3 22. Nc5 Ra3 23. Bc1 Ra7 24. Qg2 Qxg2+ 25. Kxg2 Nd7 26. Nxd7 Bxd7 27. b5 Ra2+ 28. Rf2 Bh3+ 29. Kg1 Rea8 30. bxc6 bxc6 31. g4 Ng7 32. Rxa2 Rxa2 33. Rb8+ Ne8 34. Rxe8+ Kg7 35. Rc8 Bg2 36. f4 Bf3 37. f5 gxf5 38. gxf5 Rg2+ 39. Kf1 1-0

[Event "Dyfed op 47th"]
[Site "Fishguard"]
[Date "2018.02.17"]
[Round "3"]
[White "Jones, Iolo Cerredig"]
[Black "Musson, Adam"]
[Result "0-1"]
[WhiteElo "2206"]
[BlackElo "2020"]
[PlyCount "94"]
[EventDate "2018.02.16"]
[EventType "swiss"]
[EventRounds "5"]
[EventCountry "WLS"]
[SourceTitle "EXT 2020"]
[Source "ChessBase"]
[SourceDate "2019.10.17"]
[SourceVersion "1"]
[SourceVersionDate "2019.10.17"]
[SourceQuality "1"]

1. c4 e5 2. g3 Nf6 3. Bg2 h6 4. Nc3 Bb4 5. e3 Bxc3 6. bxc3 0-0 7. d4 d6 8. Ba3 Re8 9. Ne2 Nc6 10. 0-0 e4 11. Nf4 Bg4 12. Qc2 Na5 13. Qa4 b6 14. Nd5 Be2 15. Rfe1 Bxc4 16. Nxf6+ Qxf6 17. Bb4 d5 18. Bxa5 bxa5 19. Qxa5 Qb6 20. Qa3 Reb8 21. Bf1 Qb2 22. Qe7 Bxa2 23. Qxc7 a5 24. Rec1 a4 25. c4 Rc8 26. Qd7 dxc4 27. Qd5 Rab8 28. Bh3 Re8 29. Bf1 Rec8 30. Bh3 Rd8 31. Qxe4 a3 32. Qc6 Rb6 33. Qc5 Rdb8 34. Bf1 Rf6 35. f4 Qd2 36. Re1 Rb1 37. Rexb1 Qxe3+ 38. Kh1 Bxb1 39. Qxa3 Be4+ 40. Bg2 Qxd4 41. Bxe4 Qxe4+ 42. Kg1 Qd4+ 43. Kh1 Rb6 44. Qa8+ Kh7 45. Re1 Rb2 46. Qe4+ Qxe4+ 47. Rxe4 c3 0-1

[Event "WLS-chT 1718"]
[Site "Wales"]
[Date "2018.01.21"]
[Round "3.2"]
[White "Liaskos, Leonidas"]
[Black "Musson, Adam"]
[Result "1-0"]
[WhiteElo "2113"]
[BlackElo "2028"]
[PlyCount "71"]
[EventDate "2017.10.22"]
[EventType "team-tourn"]
[EventRounds "5"]
[EventCountry "WLS"]
[SourceTitle "EXT 2020"]
[Source "ChessBase"]
[SourceDate "2019.10.17"]
[SourceVersion "1"]
[SourceVersionDate "2019.10.17"]
[SourceQuality "1"]
[WhiteTeam "The Vale"]
[BlackTeam "Nidum"]
[WhiteTeamCountry "WLS"]
[BlackTeamCountry "WLS"]

1. e4 e5 2. Nf3 Nc6 3. c3 Nf6 4. d4 Nxe4 5. d5 Bc5 6. dxc6 Bxf2+ 7. Ke2 Bb6 8. Qd5 Nf2 9. Bg5 f6 10. Be3 bxc6 11. Qc4 Nxh1 12. Nbd2 a5 13. Qh4 Ba6+ 14. c4 d5 15. Bxb6 cxb6 16. Rd1 0-0 17. Ke1 Qe7 18. cxd5 Bxf1 19. Kxf1 cxd5 20. Kg1 e4 21. Nd4 Qe5 22. Nb1 Rac8 23. Nc3 Rc4 24. Nde2 Rfc8 25. Qg4 h5 26. Qh3 R8c7 27. Qe3 Qg5 28. Nf4 Qg4 29. Nce2 Rc2 30. Rxd5 g5 31. Qb3 Kh7 32. h3 Qc8 33. Kxh1 gxf4 34. Rxh5+ Kg7 35. Nxf4 Re7 36. Qg3+ 1-0

[Event "West Wales op"]
[Site "Swansea"]
[Date "2017.11.18"]
[Round "2"]
[White "Gibbons, Andrew"]
[Black "Musson, Adam"]
[Result "0-1"]
[WhiteElo "2010"]
[BlackElo "2121"]
[PlyCount "96"]
[EventDate "2017.11.17"]
[EventType "swiss"]
[EventRounds "5"]
[EventCountry "WLS"]
[SourceTitle "EXT 2020"]
[Source "ChessBase"]
[SourceDate "2019.10.17"]
[SourceVersion "1"]
[SourceVersionDate "2019.10.17"]
[SourceQuality "1"]

1. c4 e5 2. Nc3 Bb4 3. g3 Nf6 4. Bg2 0-0 5. Nf3 Re8 6. 0-0 c6 7. d4 e4 8. Ne1 d5 9. cxd5 cxd5 10. Bg5 Bxc3 11. bxc3 Nbd7 12. Qb3 Nb6 13. f3 e3 14. Nd3 h6 15. Bxf6 gxf6 16. Nf4 Nc4 17. Rfd1 b6 18. Nxd5 Be6 19. Qxc4 Bxd5 20. Qd3 Rc8 21. Bh3 Bc4 22. Qc2 Rc6 23. Bf5 Qd6 24. a4 Kg7 25. Kg2 h5 26. Rac1 Rh8 27. h4 Rc7 28. Rb1 Kh6 29. Rg1 Rg8 30. Kh3 Qd5 31. Rb4 Re8 32. Rg2 Qa5 33. Be4 Be6+ 34. Kh2 Qxb4 35. cxb4 Rxc2 36. Bxc2 Rd8 37. Bd3 Rxd4 38. b5 Rxa4 39. Rg1 Bc4 40. Bxc4 Rxc4 41. Ra1 Rc2 42. Rxa7 Rxe2+ 43. Kh3 Kg6 44. g4 Rb2 45. gxh5+ Kxh5 46. Rxf7 Rxb5 47. f4 e2 48. Re7 Re5 0-1

[Event "South Wales Autumn op"]
[Site "Pencoed"]
[Date "2017.10.14"]
[Round "2"]
[White "Van Kemenade, Julie"]
[Black "Musson, Adam"]
[Result "0-1"]
[WhiteElo "1694"]
[BlackElo "2049"]
[PlyCount "92"]
[EventDate "2017.10.13"]
[EventType "swiss"]
[EventRounds "5"]
[EventCountry "WLS"]
[SourceTitle "EXT 2020"]
[Source "ChessBase"]
[SourceDate "2019.10.17"]
[SourceVersion "1"]
[SourceVersionDate "2019.10.17"]
[SourceQuality "1"]

1. e4 e5 2. Nf3 Nc6 3. Bb5 a6 4. Ba4 Nf6 5. d3 b5 6. Bb3 Be7 7. c3 0-0 8. 0-0 d6 9. Nbd2 Na5 10. Bc2 c5 11. Re1 Nc6 12. Nf1 Re8 13. h3 Bf8 14. g4 Qc7 15. Ng3 Be6 16. Bg5 Nd7 17. Nh4 f6 18. Bd2 d5 19. Kh1 Nb6 20. b3 Rad8 21. Ngf5 c4 22. Qe2 d4 23. Rad1 dxc3 24. Bxc3 g6 25. Rg1 Kh8 26. Bb2 gxf5 27. gxf5 Bf7 28. Qg4 Bh6 29. Ng6+ Bxg6 30. fxg6 Nd4 31. Bxd4 exd4 32. dxc4 Qf4 33. Qh5 Re5 34. Qe2 Bg5 35. Rg4 Qf5 36. Bd3 Qxg6 37. f4 Qh6 38. Qh2 Bxf4 39. Rxf4 Rh5 40. Rf3 Rg8 41. Rdf1 Nd7 42. R1f2 Ne5 43. Rxf6 Qe3 44. h4 Ng4 45. Qd6 Nxf2+ 46. Rxf2 Rxh4+ 0-1

[Event "BCF-chT2a 1314 (4NCL)"]
[Site "England"]
[Date "2014.03.22"]
[Round "7.34"]
[White "Musson, Adam"]
[Black "Foord, Dominic"]
[Result "1/2-1/2"]
[WhiteElo "2082"]
[BlackElo "2085"]
[PlyCount "101"]
[EventDate "2013.11.16"]
[EventType "team-swiss"]
[EventRounds "11"]
[EventCountry "ENG"]
[SourceTitle "EXT 2015"]
[Source "ChessBase"]
[SourceDate "2014.11.20"]
[SourceVersion "1"]
[SourceVersionDate "2014.11.20"]
[SourceQuality "1"]
[WhiteTeam "Bristol"]
[BlackTeam "KJCA Kings"]
[WhiteTeamCountry "ENG"]
[BlackTeamCountry "ENG"]

1. d4 d5 2. c4 c6 3. Nf3 Nf6 4. Nc3 e6 5. Bg5 dxc4 6. e4 b5 7. e5 h6 8. Bh4 g5 9. Bg3 Nd5 10. Nd2 Qa5 11. Nde4 Nd7 12. Be2 b4 13. Na4 N7b6 14. Nac5 b3+ 15. Kf1 bxa2 16. h4 Rg8 17. hxg5 hxg5 18. Rh7 Ba6 19. Nxa6 Qxa6 20. b3 Rb8 21. Qc2 cxb3 22. Qxb3 Qa4 23. Qxa2 Qxa2 24. Rxa2 Rb7 25. Bh5 Nc8 26. Ra6 Rc7 27. Rxc6 Rxc6 28. Bxf7+ Kd8 29. Bxg8 Be7 30. Rh6 Kd7 31. Nf6+ Bxf6 32. exf6 a5 33. Rh7+ Ke8 34. f7+ Ke7 35. Be5 Ncb6 36. Bg7 Nd7 37. Bh6 Kf6 38. f8Q+ Nxf8 39. Rf7+ Kg6 40. Bxf8 Rc8 41. Rf3 Nf4 42. Bc5 Rxg8 43. g3 Nd5 44. Rf8 Rxf8 45. Bxf8 g4 46. Ke2 Kf5 47. f3 Nc3+ 48. Ke3 gxf3 49. Kxf3 Nb5 50. g4+ Kg6 51. Ke4 1/2-1/2

[Event "BCF-chT2a 1314 (4NCL)"]
[Site "England"]
[Date "2014.01.11"]
[Round "3.26"]
[White "Kueh, Audrey"]
[Black "Musson, Adam"]
[Result "1-0"]
[WhiteElo "2073"]
[BlackElo "2096"]
[PlyCount "151"]
[EventDate "2013.11.16"]
[EventType "team-swiss"]
[EventRounds "11"]
[EventCountry "ENG"]
[SourceTitle "EXT 2015"]
[Source "ChessBase"]
[SourceDate "2014.11.20"]
[SourceVersion "1"]
[SourceVersionDate "2014.11.20"]
[SourceQuality "1"]
[WhiteTeam "Cambridge II"]
[BlackTeam "Bristol"]
[WhiteTeamCountry "ENG"]
[BlackTeamCountry "ENG"]

1. e4 c6 2. d4 d5 3. Nd2 dxe4 4. Nxe4 Bf5 5. Ng3 Bg6 6. Nf3 Nd7 7. h4 h6 8. h5 Bh7 9. Bd3 Bxd3 10. Qxd3 e6 11. Bd2 Ngf6 12. 0-0-0 Be7 13. Ne4 Nxe4 14. Qxe4 Nf6 15. Qd3 0-0 16. Ne5 c5 17. Rh4 cxd4 18. Rxd4 Qc7 19. Nd7 Rfd8 20. Bb4 Rxd7 21. Rxd7 Nxd7 22. Bxe7 Ne5 23. Qd6 Qxd6 24. Rxd6 f6 25. f4 Kf7 26. Bxf6 gxf6 27. fxe5 Ke7 28. Rd3 fxe5 29. Rg3 Rf8 30. Rg7+ Kd6 31. b4 Rf2 32. a4 e4 33. g4 e3 34. Kd1 Rd2+ 35. Ke1 Rxc2 36. Rxb7 Rc4 37. g5 hxg5 38. h6 Rh4 39. h7 Ke5 40. Rxa7 Rh1+ 41. Ke2 Ke4 42. Rg7 Rh2+ 43. Ke1 Kd3 44. Rd7+ Kc4 45. a5 g4 46. a6 g3 47. a7 g2 48. Rg7 Rxh7 49. a8Q Rxg7 50. Qe4+ Kb3 51. Qxe6+ Ka4 52. Qe8+ Kb3 53. Qxe3+ Ka4 54. Qe8+ Kb3 55. Qe6+ Ka3 56. Qa6+ Kb3 57. Qd3+ Ka4 58. Qc2+ Kb5 59. Qc5+ Ka4 60. Qg1 Kb5 61. Kd2 Rg5 62. Kd3 Rg3+ 63. Ke4 Rg5 64. Kf4 Rg7 65. Kf5 Rg3 66. Kf6 Rf3+ 67. Ke6 Rg3 68. Qc5+ Ka4 69. Qc2+ Kb5 70. Qe2+ Ka4 71. Qa2+ Kxb4 72. Qd2+ Kb3 73. Qd1+ Kb2 74. Qd4+ Kb3 75. Qb6+ Ka4 76. Qa7+ 1-0

[Event "BCF-chT2c 1213 (4NCL) Promotion pool"]
[Site "England"]
[Date "2013.05.04"]
[Round "9.23"]
[White "Musson, Adam"]
[Black "Crouch, Colin S"]
[Result "0-1"]
[WhiteElo "1761"]
[BlackElo "2388"]
[PlyCount "74"]
[EventDate "2012.11.13"]
[EventType "team-tourn"]
[EventRounds "4"]
[EventCountry "ENG"]
[SourceTitle "EXT 2014"]
[Source "ChessBase"]
[SourceDate "2013.11.20"]
[SourceVersion "1"]
[SourceVersionDate "2013.11.20"]
[SourceQuality "1"]
[WhiteTeam "Bristol"]
[BlackTeam "Grantham Pandora's Box"]
[WhiteTeamCountry "ENG"]
[BlackTeamCountry "ENG"]

1. d4 d5 2. c4 c6 3. Nf3 Nf6 4. Nc3 e6 5. Bg5 h6 6. Bh4 Be7 7. e3 0-0 8. Bxf6 Bxf6 9. g4 c5 10. h4 cxd4 11. exd4 Nc6 12. g5 hxg5 13. hxg5 Bxg5 14. Ne5 Nxe5 15. dxe5 dxc4 16. Qc2 Bh6 17. Rh5 f5 18. Bxc4 Qc7 19. Qe2 Rd8 20. Rxf5 Bd2+ 21. Kf1 Bxc3 22. bxc3 b5 23. Bb3 Qxc3 24. Qh5 Qxa1+ 25. Ke2 Qb2+ 26. Kf3 Qc3+ 27. Kg2 Qc6+ 28. Kh2 Qe8 29. Qh4 Bb7 30. Rh5 Qc6 31. Rh8+ Kf7 32. Qf4+ Ke7 33. Qg5+ Kd7 34. Qd2+ Kc7 35. Qa5+ Qb6 36. Qc3+ Bc6 37. Rh7 Qxf2+ 0-1

[Event "BCF-chTa 1112 (4NCL)"]
[Site "England"]
[Date "2012.03.31"]
[Round "7.17"]
[White "Musson, Adam"]
[Black "Arakhamia Grant, Ketevan"]
[Result "0-1"]
[WhiteElo "1761"]
[BlackElo "2434"]
[PlyCount "38"]
[EventDate "2011.11.12"]
[EventType "team-tourn"]
[EventRounds "7"]
[EventCountry "ENG"]
[SourceTitle "EXT 2013"]
[Source "ChessBase"]
[SourceDate "2012.11.22"]
[SourceVersion "1"]
[SourceVersionDate "2012.11.22"]
[SourceQuality "1"]
[WhiteTeam "Bristol"]
[BlackTeam "Wood Green Hilsmark"]
[WhiteTeamCountry "ENG"]
[BlackTeamCountry "ENG"]

1. d4 Nf6 2. c4 c5 3. d5 e5 4. Nc3 d6 5. e4 Nbd7 6. g3 g6 7. Bg2 Bg7 8. Nf3 0-0 9. 0-0 Ne8 10. Be3 Nc7 11. Qd2 a6 12. a4 f5 13. Ng5 Nb6 14. b3 f4 15. gxf4 exf4 16. Bxf4 Bxc3 17. Qxc3 Rxf4 18. Nh3 Bxh3 19. Qxh3 Nd7 0-1